000 00529nam a2200181Ia 4500
999 _c29603
_d29603
003 OSt
005 20201222151319.0
008 190216s9999||||xx |||||||||||||| ||und||
020 _a9788176901093
040 _coclc
082 _a894.8128
_bGRA/N
100 _aGramaprakash, N R
_97779
245 0 _aNatakam:Patavum Prayogavum /
_cN R Gramaprakash
260 _bKerala Sahithya Academy,
_aTrissur:
_c2009.
300 _a152p
650 _aPadanam
942 _cBK
_2ddc
_h894.8128
_iGRA/N
_k894.8128
_mGRA/N